Top Baseball Players of the 2000s - Statistics

General Stats
  • This quiz has been taken 157 times
  • The average score is 11 of 25
Answer Stats
Hint Answer % Correct
IF Alex Rodriguez
84%
IF Derek Jeter
79%
C Ivan Rodriguez
78%
DH David Ortiz
72%
OF Barry Bonds
68%
IF Albert Pujols
63%
SP Randy Johnson
61%
SP Pedro Martinez
56%
RP Mariano Rivera
53%
OF Manny Ramirez
48%
IF Chipper Jones
38%
OF Ichiro Suzuki
38%
SP Roy Halladay
37%
DH Frank Thomas
34%
C Joe Mauer
31%
RP Trevor Hoffman
31%
SP Johan Santana
28%
IF Todd Helton
28%
OF Vladimir Guerrero
25%
OF Carlos Beltran
24%
IF Chase Utley
21%
IF Jeff Kent
19%
OF Jim Edmonds
16%
IF Miguel Tejada
16%
SP Roy Oswalt
14%
No matching quizzes found
Score Distribution
Percent of People with Each Score
Percentile by Number Answered
Your Score History
You have not taken this quiz